| 000 | 00884nas a2200277 i 4500 | ||
|---|---|---|---|
| 001 | 170248 | ||
| 003 | ES-MaACL | ||
| 005 | 20250321144013.0 | ||
| 008 | 090216c2001 sp a|yp | b||pa d | ||
| 022 | _a1579-6868 | ||
| 080 | _a008 | ||
| 080 | _a061.22(460.355 C.) | ||
| 245 | 0 | 0 |
_aAteneo _b: revista cultural del Ateneo de Cádiz. |
| 260 |
_a[Cádiz : _bAteneo de Cádiz, _c2001-] |
||
| 300 |
_av. : _bil. ; _c24 cm. |
||
| 310 | _aAnual | ||
| 362 | 0 | _aN. 01 (2001)- | |
| 590 | 0 | _aDescripción basada en: N. 03 (2003) | |
| 610 | 2 | 4 |
_aAteneo Literario, Artístico y Científico de Cádiz. _9148715 |
| 655 | 7 |
_2tgfbne _9226866 _aRevistas |
|
| 710 | 2 |
_aAteneo Literario, Artístico y Científico de Cádiz. _9148715 |
|
| 852 |
_aES-MaACL _jHEM-2106 _9176907 _cHEM |
||
| 866 | 0 | _o2003-2004,2007-2008. | |
| 942 |
_2udc _cPERIODICA |
||
| 999 |
_c170248 _d170248 |
||